000 00227nam a2200097Ia 4500
008 230915s9999 xx 000 0 und d
050 _aHF5635.W37 2002
100 _aCARL S.WARREN
245 0 _aFINANCIAL ACCOUNTING
942 _cBK
999 _c82483
_d82483